| 000 | 00387nam a2200145 a 4500 | ||
|---|---|---|---|
| 001 | 000029085 | ||
| 005 | 20200930055325.0 | ||
| 008 | 110413s1994 dr 000 p spa d | ||
| 040 |
_aDO-SdBNP _bspa _cBNPHU |
||
| 082 |
_axxx _bA696p |
||
| 100 | 1 |
_aArias, Aurora _d1962- _924278 |
|
| 245 | 1 | 0 |
_aPiano lila / _cAurora Arias. |
| 260 |
_aSanto Domingo : _bEditora Búho, _c1994. |
||
| 049 | _aBNPD | ||
| 999 |
_c28577 _d28577 |
||